Bamboo propagation training manual / (Record no. 98843)

MARC details
000 -LEADER
fixed length control field 00799nam a22002057i 4500
003 - CONTROL NUMBER IDENTIFIER
control field URS
005 - DATE AND TIME OF LATEST TRANSACTION
control field 20260224133247.0
008 - FIXED-LENGTH DATA ELEMENTS--GENERAL INFORMATION
fixed length control field 181213s1995 ph ||||| |||| 00| 0 eng d
040 ## - CATALOGING SOURCE
Transcribing agency URS
Description conventions rda
Modifying agency URS
050 14 - LIBRARY OF CONGRESS CALL NUMBER
Classification number SB 317.B2
Item number C33349 1995
110 1# - MAIN ENTRY--CORPORATE NAME
9 (RLIN) 2330
Corporate name or jurisdiction name as entry element Central Luzon Agriculture and Resources Research and Development Consortium
245 10 - TITLE STATEMENT
Title Bamboo propagation training manual /
Statement of responsibility, etc. Central Luzon Agriculture and Resources Research and Development Consortium
264 #1 - PRODUCTION, PUBLICATION, DISTRIBUTION, MANUFACTURE, AND COPYRIGHT NOTICE
Place of production, publication, distribution, manufacture Muñoz City, Nueva Ecija :
Name of producer, publisher, distributor, manufacturer Central Luzon Agriculture and Resources Research and Development Consortium,
Date of production, publication, distribution, manufacture, or copyright notice 1995.
300 ## - PHYSICAL DESCRIPTION
Extent viii, 55 pages :
Other physical details illustrations ;
Dimensions 23 cm
336 ## - CONTENT TYPE
Content type term text
Content type code txt
Source rdacontent
337 ## - MEDIA TYPE
Media type term unmediated
Media type code n
Source rdamedia
338 ## - CARRIER TYPE
Carrier type term volume
Carrier type code nc
Source rdacarrier
650 #0 - SUBJECT ADDED ENTRY--TOPICAL TERM
Topical term or geographic name entry element Bamboo
942 ## - ADDED ENTRY ELEMENTS (KOHA)
Koha item type Filipiniana
Source of classification or shelving scheme Library of Congress Classification
Holdings
Withdrawn status Source of classification or shelving scheme Damaged status Not for loan Collection code Home library Current library Shelving location Date acquired Total Checkouts Full call number Barcode Date last seen Price effective from Koha item type
  Library of Congress Classification     Non-fiction Tanay College Library Tanay College Library Filipiniana Section 03/25/2015   SB 317.B2 C33349 1995 URSTAN-N3686 03/25/2015 03/25/2015 Reserved Books

University of Rizal System
Email us at univlibservices@urs.edu.ph

Visit our Website www.urs.edu.ph/library